Statistiques concernant Les 20 préfectures les plus proches d'Alençon

Cliquez ici pour prendre le quiz!

Statistiques générales

  • Ce quiz a été pris 69 fois
  • Le résultat moyen est 16 sur 20

Statistiques - réponses

distance (en km)ville préfecture% Correct
136Rennes
97%
90Caen
95%
48Le Mans
95%
173Paris
95%
134Rouen
94%
115Saint Lo
92%
117Angers
91%
124Tours
89%
102Evreux
88%
76Laval
88%
103Chartres
84%
155Versailles
81%
147Orléans
78%
174Evry Courcouronnes
73%
132Blois
72%
183Beauvais
64%
159Cergy Pontoise
64%
178Créteil
64%
181Bobigny
59%
164Nanterre
59%

Distribution des résultats

Percentile par nombre de réponses

% des personnes avec chaque résultat

Votre développement - résultats

Vous n’avez pas pris ce quiz